| 000 | 00524nam a2200157 i 4500 | ||
|---|---|---|---|
| 001 | 55258 | ||
| 003 | ES-MaACL | ||
| 005 | 20230906163117.0 | ||
| 007 | t| | ||
| 008 | 030916s1914 fr ||||1| fre d | ||
| 100 | 1 |
_aDemelin, Armand. _943634 |
|
| 245 | 1 | 2 |
_aL'esthetique superieure et l'inspiraton _b: la connaissance emotionnelle : essai critique et documentaire sur l'integralisme / _cArmand Demelin. |
| 260 |
_a[S.l. : _bs.n., _c1914] ( _eBlois : _fE. Riviere) |
||
| 300 |
_a246 p. ; _c19 cm. |
||
| 852 |
_aES-MaACL _jF-8821 |
||
| 999 |
_c55258 _d55258 |
||